000 00285nam a22001337a 4500
008 180910b xxu||||| |||| 00| 0 eng d
020 _a007057443
041 _aeng
080 _a330
100 _a52
101 _aECO
245 _aEconomic Botany
_cSimposon/B.B
942 _2udc
_cBK
999 _c47625
_d47625